[Event "Sachsen-Anhalt-ch Masters"]
[Site "Magdeburg"]
[Date "2022.10.30"]
[Round "4"]
[White "Haubold, Sebastian Marcel"]
[Black "Goergens, Michael"]
[Result "1-0"]
[WhiteElo "1979"]
[BlackElo "2073"]
[PlyCount "99"]
[EventDate "2022.10.29"]
[EventType "swiss"]
[EventRounds "7"]
[EventCountry "GER"]
[SourceTitle "CBM 211 Extra"]
[Source "ChessBase"]
[SourceDate "2023.01.31"]
[SourceVersion "1"]
[SourceVersionDate "2023.01.31"]
[SourceQuality "1"]

1. e4 e6 2. d4 d5 3. Nd2 c5 4. exd5 Qxd5 5. Ngf3 cxd4 6. Bc4 Qh5 7. 0-0 Nc6 8. Nb3 Nf6 9. Nbxd4 Nxd4 10. Qxd4 Bc5 11. Bb5+ Ke7 12. Qa4 Rd8 13. Bg5 h6 14. Bxf6+ gxf6 15. Rad1 a6 16. Rxd8 Kxd8 17. Rd1+ Ke7 18. Bd7 Bd6 19. Bxc8 Rxc8 20. Qe4 Rc7 21. h3 Rd7 22. Rd3 Qa5 23. a3 b5 24. Nd4 Qc7 25. Qa8 f5 26. Qxa6 Kf6 27. Qxb5 Be5 28. Nc6 Rxd3 29. cxd3 Bh2+ 30. Kh1 h5 31. a4 h4 32. Qc4 Bf4 33. a5 Kg5 34. b4 Bd2 35. Nd4 Qxc4 36. dxc4 Bxb4 37. Nc6 Bc5 38. Kg1 Kf4 39. a6 Ke4 40. a7 Bxa7 41. Nxa7 Kd4 42. Nc6+ Kxc4 43. Ne5+ Kd5 44. Nxf7 e5 45. Kf1 e4 46. Ke2 f4 47. Nh6 Ke5 48. Ng4+ Kf5 49. f3 e3 50. Nxe3+ 1-0

[Event "Sachsen-Anhalt-ch Masters"]
[Site "Magdeburg"]
[Date "2022.10.29"]
[Round "1"]
[White "Goergens, Michael"]
[Black "Polzin, Gustav"]
[Result "1-0"]
[WhiteElo "2073"]
[BlackElo "1784"]
[PlyCount "42"]
[EventDate "2022.10.29"]
[EventType "swiss"]
[EventRounds "7"]
[EventCountry "GER"]
[SourceTitle "CBM 211 Extra"]
[Source "ChessBase"]
[SourceDate "2023.01.31"]
[SourceVersion "1"]
[SourceVersionDate "2023.01.31"]
[SourceQuality "1"]

1. e4 c5 2. Nf3 e6 3. d4 cxd4 4. Nxd4 a6 5. Nc3 Qc7 6. Bg5 d6 7. Be2 Nd7 8. 0-0 h6 9. Bh4 Ngf6 10. Bh5 g6 11. Bxg6 fxg6 12. Nxe6 Qc6 13. Nd5 Kf7 14. Nd8+ Kg7 15. Nxc6 bxc6 16. Bxf6+ Nxf6 17. Nxf6 Be7 18. Ng4 Be6 19. Qd4+ Kf7 20. e5 Rad8 21. exd6 Bxd6 1-0

[Event "GER Cup final"]
[Site "Magdeburg"]
[Date "2020.08.21"]
[Round "3"]
[White "Weber, Samuel"]
[Black "Goergens, Michael"]
[Result "1-0"]
[WhiteElo "2334"]
[BlackElo "2040"]
[PlyCount "63"]
[EventDate "2020.08.20"]
[EventType "swiss"]
[EventRounds "5"]
[EventCountry "GER"]
[SourceTitle "EXT 2022"]
[Source "ChessBase"]
[SourceDate "2021.10.06"]
[SourceVersion "1"]
[SourceVersionDate "2021.10.06"]
[SourceQuality "1"]

1. c4 Nf6 2. g3 g6 3. Bg2 Bg7 4. Nc3 0-0 5. h3 d6 6. d4 Nbd7 7. e4 c6 8. Nge2 e5 9. 0-0 a6 10. a4 a5 11. b3 Nb8 12. f4 Nfd7 13. Be3 Na6 14. Ra2 Nb4 15. Rd2 Qe7 16. dxe5 dxe5 17. f5 h6 18. Rd6 g5 19. h4 f6 20. Bf3 Na6 21. Re6 Qb4 22. hxg5 hxg5 23. Bh5 Ndc5 24. Rd6 Nxb3 25. Bg6 Nd4 26. Nf4 Qxd6 27. Qh5 Bh6 28. Bh7+ Kxh7 29. Qg6+ Kh8 30. Qxh6+ Kg8 31. Qg6+ Kh8 32. Kf2 1-0

[Event "Sachsen-Anhalt-ch 27th"]
[Site "Magdeburg"]
[Date "2017.05.26"]
[Round "3.3"]
[White "Hartge, Gedeon"]
[Black "Goergens, Michael"]
[Result "1/2-1/2"]
[WhiteElo "2093"]
[BlackElo "2021"]
[PlyCount "119"]
[EventDate "2017.05.25"]
[EventType "tourn"]
[EventRounds "7"]
[EventCountry "GER"]
[SourceTitle "EXT 2018"]
[Source "ChessBase"]
[SourceDate "2017.10.13"]
[SourceVersion "1"]
[SourceVersionDate "2017.10.13"]
[SourceQuality "1"]

1. d4 Nf6 2. c4 g6 3. f3 c6 4. e4 d6 5. Ne2 e5 6. Nbc3 Na6 7. Bg5 Be7 8. Qd2 Qa5 9. h4 h5 10. Rd1 Be6 11. Nc1 Rd8 12. Nb3 Qc7 13. Rc1 Bc8 14. Be2 Nb8 15. 0-0 Ng8 16. d5 Bxg5 17. hxg5 Qe7 18. Bd3 h4 19. Rf2 Rh5 20. f4 Nd7 21. Be2 Rh7 22. dxc6 bxc6 23. Na5 Nb8 24. f5 gxf5 25. exf5 Qc7 26. Ne4 Na6 27. g6 Rg7 28. gxf7+ Kxf7 29. Bh5+ Kf8 30. f6 Rh7 31. Bg6 Rh8 32. b4 Nh6 33. b5 Nc5 34. Nxc6 Nxe4 35. Bxe4 Rd7 36. Bd5 Ng4 37. Be6 Nxf2 38. Qxf2 Rdh7 39. Bxc8 Qxc8 40. Ne7 Qg4 41. Kh2 Kf7 42. Nd5 Rg8 43. Qxa7+ Ke6 44. Qf2 Qg3+ 45. Kg1 h3 46. Qxg3 Rxg3 47. Rc2 Rd3 48. gxh3 Rhxh3 49. b6 Rd1+ 50. Kg2 Rdh1 51. b7 R3h2+ 52. Kf3 Rh8 53. Rb2 R1h3+ 54. Kg4 R8h4+ 55. Kg5 Rh5+ 56. Kg4 R3h4+ 57. Kg3 Rh3+ 58. Kg4 R5h4+ 59. Kg5 Rh5+ 60. Kg4 1/2-1/2

[Event "GER-ch 87th"]
[Site "Luebeck"]
[Date "2016.10.21"]
[Round "1"]
[White "Metz, Hartmut"]
[Black "Goergens, Michael"]
[Result "1-0"]
[WhiteElo "2284"]
[BlackElo "2080"]
[PlyCount "121"]
[EventDate "2016.10.21"]
[EventType "swiss"]
[EventRounds "9"]
[EventCountry "GER"]
[SourceTitle "EXT 2018"]
[Source "ChessBase"]
[SourceDate "2017.10.13"]
[SourceVersion "1"]
[SourceVersionDate "2017.10.13"]
[SourceQuality "1"]

1. e4 d6 2. d4 g6 3. Nc3 Bg7 4. h3 c6 5. Nf3 Nd7 6. Be3 Nb6 7. a4 e6 8. a5 Nd7 9. Qd2 Ne7 10. Bh6 Kf8 11. Be2 d5 12. 0-0 Nf6 13. e5 Nfg8 14. Bxg7+ Kxg7 15. Bd3 Bd7 16. Nd1 h5 17. Ne3 Nh6 18. h4 Qc7 19. b4 b6 20. Rfc1 b5 21. Rf1 Rag8 22. Ng5 Rf8 23. g3 Bc8 24. Rae1 Re8 25. Ng2 Rhf8 26. Nf4 Nef5 27. c3 Qe7 28. Kg2 Rh8 29. Rh1 Reg8 30. Kf1 a6 31. Ke2 Kf8 32. Kd1 Rg7 33. Kc2 Bd7 34. Kb3 Rgg8 35. Bc2 Ke8 36. Ng2 Rg7 37. Qf4 Bc8 38. Re2 Bd7 39. Bd3 Bc8 40. Bb1 Bd7 41. f3 Qf8 42. g4 Ne7 43. gxh5 gxh5 44. Ne3 Qg8 45. Rg2 Nhf5 46. Nxf5 Nxf5 47. Bxf5 exf5 48. e6 fxe6 49. Re2 Ke7 50. Rhe1 Rg6 51. Qc7 Rhh6 52. Qa7 Rxg5 53. hxg5 Qxg5 54. Qxa6 h4 55. Qb6 Qg3 56. a6 h3 57. a7 Rh8 58. Qb7 Qg8 59. a8Q Qxa8 60. Rxe6+ Kf7 61. Qxd7+ 1-0